Karl Popper, Science and Enightenment (Record no. 63541)

MARC details
000 -LEADER
fixed length control field 02054nam a2200229Ii 4500
008 - FIXED-LENGTH DATA ELEMENTS--GENERAL INFORMATION
fixed length control field 221202s xx 000 0 und d
245 #0 - TITLE STATEMENT
Title Karl Popper, Science and Enightenment
264 ## - PRODUCTION, PUBLICATION, DISTRIBUTION, MANUFACTURE, AND COPYRIGHT NOTICE
Name of producer, publisher, distributor, manufacturer UCL Press
Date of production, publication, distribution, manufacture, or copyright notice 2017
300 ## - PHYSICAL DESCRIPTION
Extent 1 online resource (390 pages)
336 ## - CONTENT TYPE
Content type term text
Content type code txt
Source rdacontent
337 ## - MEDIA TYPE
Media type term computer
Media type code c
Source rdamedia
338 ## - CARRIER TYPE
Carrier type term online resource
Carrier type code cr
Source rdacarrier
520 ## - SUMMARY, ETC.
Summary, etc. Here is an idea that just might save the world. It is that science, properly understood, provides us with the methodological key to the salvation of humanity. A version of this idea can be found in the works of Karl Popper. Famously, Popper argued that science cannot verify theories but can only refute them, and this is how science makes progress. Scientists are forced to think up something better, and it is this, according to Popper, that drives science forward. But Nicholas Maxwell finds a flaw in this line of argument. Physicists only ever accept theories that are unified : theories that depict the same laws applying to the range of phenomena to which the theory applies : even though many other empirically more successful disunified theories are always available. This means that science makes a questionable assumption about the universe, namely that all disunified theories are false. Without some such presupposition as this, the whole empirical method of science breaks down. By proposing a new conception of scientific methodology, which can be applied to all worthwhile human endeavours with problematic aims, Maxwell argues for a revolution in academic inquiry to help humanity make progress towards a better, more civilized and enlightened world.
653 ## - INDEX TERM--UNCONTROLLED
Uncontrolled term Civilization
653 ## - INDEX TERM--UNCONTROLLED
Uncontrolled term Karl Popper
653 ## - INDEX TERM--UNCONTROLLED
Uncontrolled term Reason
653 ## - INDEX TERM--UNCONTROLLED
Uncontrolled term Science
653 ## - INDEX TERM--UNCONTROLLED
Uncontrolled term The Enlightenment
700 1# - ADDED ENTRY--PERSONAL NAME
Personal name Maxwell, Nicholas
856 ## - ELECTRONIC LOCATION AND ACCESS
Uniform Resource Identifier <a href="https://library.oapen.org/bitstream/20.500.12657/31176/1/636791.pdfhttp://www.ucl.ac.uk/ucl-press/browse-books/karl-popper-science-and-enlightenmenthttp://library.oapen.org/handle/20.500.12657/31176">https://library.oapen.org/bitstream/20.500.12657/31176/1/636791.pdfhttp://www.ucl.ac.uk/ucl-press/browse-books/karl-popper-science-and-enlightenmenthttp://library.oapen.org/handle/20.500.12657/31176</a>
942 ## - ADDED ENTRY ELEMENTS (KOHA)
Koha item type E-Book
Holdings
Withdrawn status Damaged status Not for loan Home library Current library Date acquired Total Checkouts Date last seen Price effective from Koha item type
      Directory of Open Access Books Directory of Open Access Books 11/28/2022   11/28/2022 11/28/2022 E-Book

University of Rizal System
Email us at univlibservices@urs.edu.ph

Visit our Website www.urs.edu.ph/library